Flags of Countries That Border European Microstates - Statistics

General Stats
  • This quiz has been taken 1,602 times
  • The average score is 5 of 5
Answer Stats
Picture Hint Answer % Correct
Andorra and Monaco France
100%
San Marino and Vatican City Italy
100%
Andorra Spain
100%
Liechtenstein Switzerland
99%
Liechtenstein Austria
98%
No matching quizzes found
Score Distribution
Percent of People with Each Score
Percentile by Number Answered
Your Score History
You have not taken this quiz